Pumpkin soup / (Record no. 8450)

MARC details
000 -LEADER
fixed length control field 01041nam a22003017a 4500
001 - CONTROL NUMBER
control field 8450
003 - CONTROL NUMBER IDENTIFIER
control field FISKH
005 - DATE AND TIME OF LATEST TRANSACTION
control field 20250912115333.0
008 - FIXED-LENGTH DATA ELEMENTS--GENERAL INFORMATION
fixed length control field 250912b cb ||||| |||| 00| 0 eng d
020 ## - INTERNATIONAL STANDARD BOOK NUMBER
International Standard Book Number 9780545283960
040 ## - CATALOGING SOURCE
Original cataloging agency FISKH
Language of cataloging eng
Transcribing agency FISKH
Modifying agency FISKH
050 ## - LIBRARY OF CONGRESS CALL NUMBER
Classification number PZ7.C78555 P
082 ## - DEWEY DECIMAL CLASSIFICATION NUMBER
Classification number 823.914
100 ## - MAIN ENTRY--PERSONAL NAME
Personal name Cooper, Helen
245 ## - TITLE STATEMENT
Title Pumpkin soup /
Statement of responsibility, etc. By Helen Cooper
250 ## - EDITION STATEMENT
Edition statement First Scholastic printing, September 2010
260 ## - PUBLICATION, DISTRIBUTION, ETC.
Place of publication, distribution, etc. New York :
Name of publisher, distributor, etc. Scholastic ,
Date of publication, distribution, etc. 1998.
300 ## - PHYSICAL DESCRIPTION
Extent 32 unnumbered pages :
Other physical details color illustrations ;
Dimensions 23 x 23 cm .
490 ## - SERIES STATEMENT
Series statement Pumpkin Soup
Volume/sequential designation 1
505 ## - FORMATTED CONTENTS NOTE
Formatted contents note O <br/>
520 ## - SUMMARY, ETC.
Summary, etc. The Cat and the Squirrel come to blows with the Duck in arguing about who will perform what duty in preparing their pumpkin soup, and they almost lose the Duck's friendship when he decides to leave them.
521 8# - TARGET AUDIENCE NOTE
Target audience note 610 <br/>
Source Lexile AD <br/>
521 8# - TARGET AUDIENCE NOTE
Target audience note O <br/>
Source Raz-Plus <br/>
650 ## - SUBJECT ADDED ENTRY--TOPICAL TERM
Topical term or geographic name entry element Pumpkin
Form subdivision Juvenile Literature
650 ## - SUBJECT ADDED ENTRY--TOPICAL TERM
Topical term or geographic name entry element Fall
Form subdivision Juvenile Literature
942 ## - ADDED ENTRY ELEMENTS (KOHA)
Source of classification or shelving scheme Dewey Decimal Classification
Koha item type Books
Suppress in OPAC No
Holdings
Withdrawn status Lost status Source of classification or shelving scheme Damaged status Not for loan Collection Home library Current library Shelving location Date acquired Total Checkouts Full call number Barcode Date last seen Price effective from Koha item type
    Dewey Decimal Classification     Juvenile Fiction Footprints International School Library Network Toul Tom Poung Campus Footprints International School Library Network Toul Tom Poung Campus TTP Primary Yellow Bookshelves 09/12/2025   COO 823.914 PZ7.C78555 P FISTK02029 09/12/2025 09/12/2025 Books